000 00427nam a2200169Ia 4500
003 GCL
008 140319s9999 xx 000 0 eng d
040 _aGCL /
_cGCL
082 0 4 _a792.028
_bW I
100 1 _aWORTHEN, WILLIAM
245 1 0 _aTHE IDEA OF THE ACTOR /
_cWORTHEN, WILLIAM
260 _a[S.N] :
_bPRINCETON UNIVERSITY PRESS ،
_c1984
300 _a269 P
650 0 4 _aDRAMA
650 0 4 _aACTING
942 _2ddc
_cBK
999 _c24727
_d24727